00322nam a22001337a 45000050016000000200023000160350013000390370013000522450033000652600025000983000023001239420025001469990017001712012021700250.0 a8120324889c225.00 aB-115101 aDPLbENG aC++ : Advanced programming / aNew DelhibPHIc2004 axi, 291p.c22 cms. 2ddccENh005.43mCPL c63163d63163